Quelles sont les plus grandes gares d'Europe ? - Statistiques

Statistiques générales
  • Ce quiz a été pris 61 fois
  • Le résultat moyen est 3 sur 10
Statistiques - réponses
Voies
Voyageurs
en millions
Pays
Gare...
(ville et nom)
% Correct
31 262 France {Paris} {Nord}
97%
27 107 France {Paris} {St Lazare}
49%
24 44 Espagne {Madrid} {Atocha}
27%
32 170 Italie {Rome} {Termini}
24%
24 120 Italie {Milan} {Centrale}
22%
19 99 Royaume-Uni {Londres} {Waterloo}
19%
12 175 Allemagne {Hambourg} {Centrale}
12%
14 110 Allemagne {Berlin} {Centrale}
10%
28 120 Suisse {Zurich} {Centrale}
10%
20 100 Allemagne {Dusseldorf} {Centrale}
5%
Aucun quiz correspondant
Distribution des résultats
% des personnes avec chaque résultat
Percentile par nombre de réponses
Votre historique - résultats
Vous n’avez pas pris ce quiz